[Event "Olympiad-36"]
[Site "Mallorca"]
[Date "2004.10.17"]
[Round "3"]
[White "Mosquera, Miguel"]
[Black "Ricardi, Pablo"]
[Result "1-0"]
[WhiteElo "2394"]
[BlackElo "2548"]
[Annotator "Rogozenco,D"]
[PlyCount "105"]
[EventDate "2004.10.15"]
[EventType "team-swiss"]
[EventRounds "14"]
[EventCountry "ESP"]
[SourceTitle "CBM 104"]
[Source "ChessBase"]
[SourceDate "2005.01.27"]
[SourceVersion "1"]
[SourceVersionDate "2005.01.27"]
[SourceQuality "1"]
[WhiteTeam "Columbia"]
[BlackTeam "Argentina"]
[WhiteTeamCountry "COL"]
[BlackTeamCountry "ARG"]

1. e4 c5 2. Nf3 e6 3. c3 d5 4. exd5 Qxd5 5. d4 Nf6 6. Na3 cxd4 $6 {A
well-known inaccuracy, allowing White to develop quickly the initiative.} (6...
Qd8) (6... Nc6) 7. Nb5 $14 Qd8 $6 (7... Na6 8. Qxd4 Bc5 9. Qxd5 Nxd5 10. a3 $14
) 8. Qxd4 Qxd4 ({Maybe Black should go for} 8... a6 9. Qxd8+ Kxd8 10. Ne5 axb5
11. Nxf7+ Ke8 12. Nxh8 {which is more complicated, although I admit that White
might prove to be much better here.}) 9. Nfxd4 Na6 10. Bf4 {The endgame is
more difficlt for Black than it may appear at the first sight. His queenside
is paralized and trading the bishop c8 for opponent's knight is the only way
to free himself, even if in that case he will be clearly worse due to
opponent's bishop's pair.} Bc5 (10... Nd5 11. Bg3 $16) 11. Be2 (11. Nd6+ Ke7
12. Nxc8+ Raxc8 13. Bxa6 bxa6 14. Nb3 $14) 11... O-O 12. O-O Nd5 13. Bg3 Bd7 (
13... f5 14. Be5 $1 Be7 15. Bf3 Rd8 16. Rfe1 Bd7 17. c4 Ndb4 18. Bxb7 $18 {
1-0 Van de Oudeweetering,A-Bordas,G/Budapest 1989(24)}) 14. Rfd1 Rad8 (14...
Rfd8 15. Bf3 $16) 15. Bf3 {[%csl Ra6]} Bc8 (15... Bxb5 16. Nxb5 $16) (15... Nb8
16. c4 Nb6 (16... Nf6 17. Bxb7 $18) 17. b3 $16) 16. a4 {Black cannot avoid the
loss of a pawn. The difference between the activity of minor pieces is too big.
} (16. Nb3 $18 {[%csl Ra7]}) 16... Bd7 {Shuffling the bishop forwards and
backwards produces a sad impression indeed, but there is little Black could do
instead in order to improve his fade position.  Now White wins a pawn and
continues to keep also strategical advantage.} 17. Nb3 Be7 18. Nxa7 Ra8 19. Nb5
$18 Bc6 20. N5d4 Rfc8 21. Nxc6 bxc6 {Basically the game is over. The advantage
of being a pawn up and having the bishop pair is simply too big and in spite
of Black's efforts White wins quite convincingly.} 22. Nd4 Ra7 23. a5 Bf6 24.
Ra3 g6 25. b4 h5 26. h4 Rd7 27. Be2 Ra7 28. f3 (28. Rb3 $142 Kg7 29. f3 Ne3 30.
Rd2 $18) 28... Ne3 29. Rc1 (29. Rd2 Bxd4 30. Rxd4 $140 $2 Nc2) 29... Bxd4 (
29... Nxb4 30. cxb4 Bxd4 31. Bf2 Nf5 (31... Bb2 32. Raa1 $18) 32. b5 Rca8 33.
b6 Rxa5 34. Rxa5 Rxa5 35. g4 hxg4 36. fxg4 Bxf2+ 37. Kxf2 Nd6 38. Rxc6 Rd5 39.
Rc7 $18) 30. cxd4 Nf5 31. Bf2 Nxb4 32. d5 $1 {Black restored material equality,
but the two bishops are much stronger than knights. Together with the marginal
passed pawn it make Black's position hopeless. It would be more precise to say
that White transformed his material advantage into decisive positional one.}
Raa8 33. dxe6 fxe6 34. g4 hxg4 35. fxg4 Ne7 36. a6 Ned5 37. a7 Kf7 38. Rc4 c5
39. Rxc5 Rxc5 40. Bxc5 Nc6 41. Ba6 Rxa7 42. Bxa7 Nxa7 43. Kf2 Nc6 44. Bb7 Ne5
45. Bxd5 exd5 46. Kg3 Nc4 47. Ra7+ Kf6 48. Ra6+ Ke5 49. Rxg6 d4 50. Rg8 d3 51.
Rd8 Ke4 (51... Nd6 52. Rxd6 Kxd6 53. Kf3 $18) 52. h5 d2 53. h6 1-0

[Event "Olympiad-36"]
[Site "Mallorca"]
[Date "2004.10.17"]
[Round "3"]
[White "Mahjoob, Morteza"]
[Black "Shabalov, Alexander"]
[Result "0-1"]
[WhiteElo "2455"]
[BlackElo "2608"]
[Annotator "Rogozenco,D"]
[PlyCount "78"]
[EventDate "2004.10.15"]
[EventType "team-swiss"]
[EventRounds "14"]
[EventCountry "ESP"]
[SourceTitle "CBM 104"]
[Source "ChessBase"]
[SourceDate "2005.01.27"]
[SourceVersion "1"]
[SourceVersionDate "2005.01.27"]
[SourceQuality "1"]
[WhiteTeam "Iran"]
[BlackTeam "US of America"]
[WhiteTeamCountry "IRI"]
[BlackTeamCountry "USA"]

1. e4 c5 2. c3 Nf6 3. e5 Nd5 4. Nf3 Nc6 5. d4 cxd4 6. cxd4 d6 7. Bc4 e6 8. O-O
Be7 9. a3 O-O 10. Qe2 Qb6 11. Rd1 (11. Qe4 Na5 12. Nbd2 (12. Bd3 f5 13. exf6
Nxf6 14. Qh4 Nb3 {Grigorian-Sveshnikov, Moscow 1983}) 12... Nxc4 13. Nxc4 Qc7
$11) 11... Bd7 ({More attractive is} 11... Na5 12. Bxd5 (12. Nbd2 Nxc4 13. Nxc4
Qa6 (13... Qd8 $5) 14. Bg5 Bd7 15. Bxe7 Nxe7 16. exd6 Nf5 17. Nfe5 Ba4 18. Rd2
Bb5 19. a4 Bxc4 20. Qxc4 Qxd6 21. Rc1 Rfd8 22. Nf3 Ne7 23. Qb5 Rab8 24. Rdc2 h6
25. Rc7 a6 26. Qh5 Rdc8 27. Rxc8+ Rxc8 28. Rxc8+ Nxc8 29. Qc5 Qd8 30. Ne5 {
1/2-1/2 Rozentalis,E-Hansen,S/Copenhagen 2004}) (12. Bd3 Nb3) 12... exd5 13.
Nc3 Be6 (13... Qc6) 14. Bg5 Rfe8 15. Bxe7 Rxe7 16. Qd3 h6 17. exd6 Qxd6 18. Ne5
$11 {1-0 Ovetchkin,R-Kuzubov,Y/Alushta 2004 (71)}) 12. Bxd5 {Since the bishop
wasn't attacked, there was no need to trade such an important piece.} (12. Nc3
$5 {using the position of the rook on d1.} Nxc3 13. bxc3 dxe5 {(the standard
operation after White's Nb1-c3).} 14. dxe5 {[%cal Gd1d7]} Rfd8 15. Bd3 Rac8 16.
Qe4 g6 17. Bg5 $36 {1-0 Turner-Thompson/ENG-ch cand corr 1993/ (25)}) (12. b4
$5) 12... exd5 13. Nc3 Be6 14. Bg5 $2 (14. exd6 Bxd6 15. Ng5 Rfe8 (15... Rae8
$5) 16. Qd3 (16. Qh5 h6 17. Nxe6 Rxe6 (17... fxe6 18. Bxh6 $1 {with at least a
draw} (18. Nxd5 exd5 19. Bxh6 (19. Qxd5+ Kh8 20. Qxd6 Rad8 21. Qg3 Nxd4 $19)
19... Re6)) 18. Nxd5 Qxd4 (18... Qb3 $44)) 16... g6 17. Nxe6 fxe6 $13) 14...
Bxg5 15. Nxg5 dxe5 16. dxe5 h6 (16... d4 $2 17. Qe4 g6 18. Qh4 h5 19. Nce4 Nxe5
20. Qf4 $36) 17. Nf3 (17. Nxe6 fxe6 $17) 17... d4 18. Ne4 (18. Nb5 Rad8 {
(threatening 19...d3)} 19. Nd6 f6 $17) 18... Bg4 (18... Rad8 19. h3 Bd5 $17 {
[%cal Gf8e8]}) 19. Nd6 (19. Ned2 Qxb2 $17) 19... Rad8 {Now Black will win the
pawn on e5 very soon.} 20. Nc4 Qb5 21. Rac1 (21. a4 Bxf3 22. gxf3 Qd5 23. Rac1
Rfe8 24. f4 f6 $17 {/-+}) 21... Rfe8 22. Qd3 Bxf3 23. Qxf3 Nxe5 24. Nxe5 Rxe5
25. Rc7 Rd7 26. Rxd7 Qxd7 27. Qd3 a5 28. Kf1 Rd5 29. Rc1 $6 (29. h3 {The only
way to put up any resistance is to wait.} g6 30. Kg1 Kg7 31. Kf1 Qd6 32. Kg1 a4
33. Rd2 Qe5 34. Rd1 h5 35. Kh1 {and is difficult for Black to make progress
without exposing the king, when White might get some chances to survive with
checks.}) 29... g6 30. h3 Kg7 31. Rc4 (31. Kg1 $142) 31... a4 32. Rb4 $2 (32.
Kg1 Qb5 $5) 32... b5 {[%csl Rb4]} 33. b3 $2 (33. Kg1 $8 Qe6 $140 (33... h5 $6
34. b3 Qc6 35. bxa4) 34. g3 $5 (34. b3 Qe1+ 35. Qf1 (35. Kh2 axb3 36. Rxb3 Qxf2
$19) 35... Qc3 $19 {[%cal Gd4d3]}) (34. Rxd4 Qe1+ 35. Kh2 Qe5+ $19) (34. Kf1
Qc6 35. Kg1 Qc1+ 36. Kh2 (36. Qf1 Qc2 37. Rxb5 Rd7 38. Qe1 d3 39. Qe5+ f6 40.
Qe8 Qc1+ 41. Kh2 Qc7+ $19) 36... Qe1 {and White is forced to make weaknesses
on the kingside, which will be fatal later.}) 34... Qxh3 (34... Qe1+ 35. Kg2)
35. Rxd4 Rh5 36. Qe4 Qh2+ 37. Kf1 $17) 33... Qc6 $19 34. bxa4 (34. Kg1 Qc1+ 35.
Kh2 Qxa3 $19) (34. Qd1 d3 $19 35. bxa4 d2 36. Rb1 bxa4 37. Kg1 Qc3 38. g3 Re5
$19) 34... Qc1+ 35. Ke2 Re5+ 36. Kf3 Qc6+ 37. Kg3 Rg5+ 38. Kh4 Qxg2 39. Qxd4+
Kh7 0-1

[Event "Karadjordje Serbia"]
[Site "Topola"]
[Date "2004.05.12"]
[Round "9"]
[White "Pavasovic, Dusko"]
[Black "Georgiev, Kiril"]
[Result "1-0"]
[WhiteElo "2591"]
[BlackElo "2637"]
[Annotator "Rogozenco,D"]
[PlyCount "61"]
[EventDate "2004.05.04"]
[EventType "tourn"]
[EventRounds "11"]
[EventCountry "YUG"]
[EventCategory "13"]
[SourceTitle "CBM 101"]
[Source "ChessBase"]
[SourceDate "2004.07.27"]
[SourceVersion "1"]
[SourceVersionDate "2004.07.27"]
[SourceQuality "1"]

1. e4 c5 2. c3 Nf6 3. e5 Nd5 4. Nf3 Nc6 5. Bc4 Nb6 6. Bb3 c4 {In my opinion on
the long run this advance is rather unfavourable for Black.} 7. Bc2 Qc7 8. Qe2
g5 9. h3 Bg7 10. O-O Nxe5 (10... g4 $5 11. hxg4 Nxe5 12. Re1 d6 13. Nxe5 Bxe5 (
13... dxe5 14. d4 (14. d3 $5) 14... exd4 15. Bf4 d3 16. Bxc7 dxe2 17. f3 Nd5
18. Bh2 Be6 19. Rxe2 b5 20. a3 $13 {1-0 Degraeve,J-Sutovsky,E/Bled 2002 (63)})
14. d4 cxd3 15. Bxd3 h6 16. Na3 $1 (16. Bb5+ Bd7 $13 {/=}) 16... a6 17. Be3 Nd5
18. Nc4 Be6 19. Nxe5 dxe5 20. Bd2 $14 {1-0 Pavasovic,D-Mazi,L/Celje SLO 2003 
(59)}) 11. Nxg5 d5 {A complicated opening line. Black's ambitious play has
certain drawbacks, described in comments to the game Rozentalis-Lesiege, 2002 
(CBM 91).} 12. a4 ({Another main move is} 12. Re1 {Black didn't show a clear
way to solve opening problems here:} e6 (12... h6 13. Nf3 Nxf3+ 14. Qxf3 e5 15.
Qg3 $36) 13. Nf3 (13. Na3 Bd7 14. d4 cxd3 15. Bxd3 Nxd3 16. Qxd3 h6 17. Nf3
O-O-O 18. Nb5 Bxb5 19. Qxb5 Nc4 {was okay for Black in Sveshnikov,E-Landa,K/
Togliatti 2003.}) 13... Nbd7 (13... Nxf3+ 14. Qxf3 Bd7 15. d4 $14) 14. d4 cxd3
15. Bxd3 Nxd3 16. Qxd3 Nf6 17. Qd4 O-O 18. Qh4 $36 {1-0 Tiviakov,S-Shneider,A/
Bastia 2003 (36)}) 12... h6 13. Nf3 Nd3 $6 $146 {A radical and rather
unjustified decision to sacrifice a pawn.} (13... Nxf3+ 14. Qxf3 Be6 15. d4 (
15. Na3 $142 a6 16. d4 $5 (16. Re1 O-O-O 17. d4 cxd3 18. Bf4 $36) 16... cxd3
17. Bxd3 Nxa4 18. Nb5 $1 axb5 19. Bxb5+ Bd7 20. Rxa4 Rxa4 21. Bxa4 Bxa4 22. Qg4
$14) 15... cxd3 16. Bxd3 Nc4 17. Re1 O-O-O $13 {1/2-1/2 Rabiega,R-Sawatzki,F/
Germany 2002 (46)}) (13... Nbd7 14. Re1 O-O 15. Na3 a6 16. d4 cxd3 17. Bxd3
Nxd3 18. Qxd3 e6 $13 {Pavasovic,D-Sveshnikov,E/Dubai 2001}) 14. Bxd3 cxd3 15.
Qxd3 Qc4 16. Qe3 $1 $16 (16. Qxc4 dxc4 17. a5 Nd5 18. Na3 Bf5 $1 19. Nxc4 Bd3
20. Ne3 $13) 16... Bf5 (16... Nxa4 17. Re1 e6 18. d3 Qc6 19. Ne5 $16) 17. Re1
e6 18. d4 Bxb1 (18... Nxa4 19. Nbd2 Qb5 (19... Qc6 20. Ne5 $16) 20. b3 Nb6 21.
Ba3 $16 {[%cal Gf3e5,Gc3c4]}) 19. a5 $1 {Nice play by Pavasovic, who fully
uses all resources of White's position.} (19. Rxb1 {also kept the advantage,
but the game continuation is stronger.}) 19... Qa6 (19... Qd3 20. axb6 $16) 20.
Rxb1 Nc4 (20... Qxa5 21. Qe2 $16) 21. Qf4 Qxa5 22. b3 Qb6 (22... Qa2 23. Qg4
$16) 23. Qg4 Bf6 24. bxc4 $1 Qxb1 25. Ba3 $1 $18 (25. cxd5 $16) 25... h5 (25...
Qb6 26. cxd5 Kd7 27. dxe6+ fxe6 28. Qg6 $18) 26. Qf4 Qg6 27. Qc7 Rg8 28. g3 Qd3
29. Qxb7 Rd8 30. Qc6+ Rd7 31. Qc8+ (31. Qc8+ Bd8 (31... Rd8 32. Rxe6+ $18) 32.
Qxd7+ Kxd7 33. Ne5+ $18) 1-0

[Event "ESP-chT"]
[Site "Sanxenxo"]
[Date "2004.11.26"]
[Round "9"]
[White "Vallejo Pons, Francisco"]
[Black "Carlsen, Magnus"]
[Result "1-0"]
[WhiteElo "2678"]
[BlackElo "2581"]
[Annotator "Rogozenco,D"]
[PlyCount "77"]
[EventDate "2004.11.18"]
[EventType "team"]
[EventRounds "9"]
[EventCountry "ESP"]
[SourceTitle "CBM 105"]
[Source "ChessBase"]
[SourceDate "2005.04.11"]
[SourceVersion "1"]
[SourceVersionDate "2005.04.11"]
[SourceQuality "1"]

1. e4 c5 2. Nf3 Nc6 3. c3 Nf6 4. e5 Nd5 5. d4 cxd4 6. cxd4 d6 7. Bc4 Nb6 8. Bb3
d5 (8... dxe5 9. d5 Na5 10. Nc3) 9. Nh4 {Preventing the black Bishop to
develop on f5 or g4 is the only way for White to fight for an opening
advantage.} (9. Nc3 Bg4 $11) (9. h3 Bf5 $11) 9... e6 (9... Nc4 $6 10. Nc3 a6 $2
11. e6 $1 Nd6 (11... Bxe6 12. Bxc4 dxc4 13. d5 $18) (11... fxe6 12. Qh5+ $18)
12. exf7+ Nxf7 13. Bxd5 e6 14. Bxc6+ bxc6 15. Nf3 $16 {1-0 Pavasovic,
D-Miladinovic,I/Nova Gorica 2003 (51)}) (9... a5 $5 10. Nc3 a4 11. Bc2 (11.
Nxa4 $4 Nxa4 12. Bxa4 Qa5+ $19) (11. Bxa4 $5) 11... a3 12. bxa3 e6 13. g3 (13.
Nf3) 13... Nc4 14. O-O Be7 15. Qg4 Kf8 16. Nf3 h6 17. h4 f5 18. exf6 Bxf6 19.
Qf4 g5 $1 $17 {0-1 Yagupov,I-Ragozin,E/Orel 1992 (40)}) (9... g6 $5) 10. Nf3 {
The pawn structure reminds of the French Defense. The difference in
development of the pieces is that White has the bishop on b3 and Black the
knight on b6. It's a matter of personal preference how to evaluate this
double-edged position. Black's play is somewhat more difficult (because of
certain problems with the king). I believe that he should play for a quick ...
Be7 and ...f6 rather than what he did in the present game.} Bd7 (10... Bb4+ 11.
Nc3 (11. Bd2 Be7) 11... Na5 12. Bc2 h6 13. h4 Bd7 14. Rh3 Bxc3+ $13 {0-1
Jonkman,H-Alekseev,E/Wijk aan Zee 2005 (53)}) (10... Be7 11. Nc3 f6 12. exf6
Bxf6 $13) 11. Nc3 (11. a3 Qc7 12. Nc3 Na5 13. Bc2 f5 14. O-O Be7 $11 {0-1
Prelevic,M-Horvath,A/Budapest 1998 (40)}) 11... Rc8 {A committing move. If
Black is not willing to castle short (like in the present game), then in such
positions it is advisable for him to keep for a while the possibility to
castle long.} (11... Be7 12. O-O (12. Bc2 Nc4 13. O-O Qa5 14. a3 O-O-O $13 {
1-0 Har Zvi,R-Shmuter,L/Rishon Le Ziyyon 1995 (30)}) 12... O-O 13. Bc2 f6 14.
Qd3 g6 15. a3 Rf7 {1/2-1/2 Filipovic,B-Lazarev,V/Switzerland 2003}) 12. O-O h6
$6 {Another committing decision. It's clear that Black failed to find a clear
plan.} 13. h4 g6 $6 14. g3 Bb4 (14... Bg7 15. Nb5 $16) 15. Bc2 Ne7 16. Ne2 Nf5
17. Bd3 Be7 18. Kg2 Nc4 {It may look like Black has two strong knights. This
is a wrong impression though, since they both are very unstable. In fact
without all four knights Black's position would have been very acceptable.} 19.
Rh1 $16 {As a result of opponent's completely irresponsible play White
achieved a huge advantage. Black's problem is obviously the king. He can't
find a safe place on the board for his monarch. For the moment it's relatively
safe in the center, but this is a temporary safety, since the lack of
coordination between black pieces will sooner or later play its role.} Qb6 (
19... O-O 20. b3 Nb6 21. Bxf5 exf5 22. Bxh6 $18) 20. b3 Na5 21. Nf4 Nc6 22.
Bxf5 {Time for concrete actions. White penetrates with the knight on f6, which
means that the happy life of black king is over.} gxf5 23. Nh5 Nb4 24. Nf6+ Kd8
(24... Bxf6 25. exf6 Bb5 26. Bf4 Nd3 27. Qd2 $16) 25. Ne1 Qa6 26. a3 Bb5 (26...
Nc6 27. Be3 Kc7 28. Nd3 $16) 27. Bxh6 $1 {[%cal Gd1a1] No wonder that White
finds a tactical solution in order to achieve the decisive advantage.} Rxh6 28.
axb4 Qb6 29. Qd2 Rh8 30. Nf3 Bxb4 31. Qg5 Kc7 32. Rac1+ Bc6 33. h5 $18 {
This pawn decides the outcome.} Bf8 34. h6 Qxb3 35. h7 Qa3 36. Qg8 Be7 37. Qxf7
Rcf8 38. Qg7 Kd8 39. Ra1 {The reason of Black's loss is a bad understanding of
the "king's problem" in chess.} 1-0

[Event "Olympiad-36"]
[Site "Mallorca"]
[Date "2004.10.16"]
[Round "2"]
[White "Smerdon, David"]
[Black "Roiz, Michael"]
[Result "0-1"]
[WhiteElo "2425"]
[BlackElo "2560"]
[Annotator "Rogozenco,D"]
[PlyCount "100"]
[EventDate "2004.10.15"]
[EventType "team-swiss"]
[EventRounds "14"]
[EventCountry "ESP"]
[SourceTitle "CBM 104"]
[Source "ChessBase"]
[SourceDate "2005.01.27"]
[SourceVersion "1"]
[SourceVersionDate "2005.01.27"]
[SourceQuality "1"]
[WhiteTeam "Australia"]
[BlackTeam "Israel"]
[WhiteTeamCountry "AUS"]
[BlackTeamCountry "ISR"]

1. e4 c5 2. c3 d5 3. exd5 Qxd5 4. d4 Nf6 5. Nf3 e6 6. Be2 cxd4 7. cxd4 Nc6 8.
Nc3 Qd6 9. O-O Be7 10. Nb5 Qd8 11. Bf4 Nd5 12. Bg3 O-O ({By playing the more
precise} 12... a6 13. Nc3 O-O {Black could avoid the forced variation from the
game.}) 13. Bc4 $1 a6 14. Bxd5 exd5 (14... axb5 15. Be4 $14) 15. Nc7 Rb8 16.
Ne5 $1 (16. Rc1 Bd6 17. Nxa6 bxa6 18. Rxc6 Bxg3 19. hxg3 Rxb2 $11) 16... Nxe5 (
16... Bf6 17. Rc1 Bxe5 18. Bxe5 Nxe5 (18... Bf5 19. Qb3 f6 20. Bf4 Nxd4 21. Qd1
Nc6 22. Rc5 Rf7 23. Rxd5 Qc8 24. Ne8 Qxe8 (24... Be6 25. Nd6 Qd7 26. Rd2 {
1-0 Vysochin,S-Zubov,A/Kiev 2003}) 25. Bxb8 Be4 26. Re1 Re7 27. Rd2 Qxb8 28. f3
$18) 19. dxe5 d4 20. Qd3 Bg4 21. f3 (21. h3 Bh5 22. e6 Rc8 $11 {1-0 Sveshnikov,
E-Foisor,O/Sochi 1985 (47)}) 21... Be6 22. Nxe6 fxe6 23. Rfd1 $14) (16... Bd6
17. Nxd5 f6 (17... Bxe5 18. dxe5 $16) 18. Nxc6 bxc6 19. Ne3 Bxg3 20. hxg3 Rxb2
21. Qa4 $13 {/+/=, 1-0 Hadzimanolis,A-Jimenez Alonso,J/IECG Email 1998 (40)})
17. Bxe5 f6 18. Bg3 $14 Bd6 19. Rc1 Bxg3 20. hxg3 Bf5 (20... Qd6 $142 21. Re1 (
21. Qb3 Be6 22. Nxe6 Qxe6 23. Rc7 Rf7 $11) 21... Bd7 {[%cal Gd7c6]}) 21. Qb3
Rf7 22. Rc5 b6 23. Rxd5 Qxc7 24. Rxf5 $16 {In the opening Black entered a
theoretical variation leading to inferior position and ended up with a pawn
down. Now White's chances to win are about the same with Black's chances to
draw, but in the end the lower-rated opponent blunders supposingly after a
long time-trouble (which is very likely under the FIDE-control).} Rd8 25. Rd5 (
25. Rd1 $142 Re8 26. Rf3 $16 Re2 $140 27. Rc3 Qd8 (27... Qd7 28. Qxb6 Qf5 29.
f3 $18) (27... Qb7 28. Rdc1 $18) 28. Rdc1 $18) 25... Rc8 26. Re1 g6 27. Re3 {
This allows Black some counterplay.} (27. Qb4 $5 {[%csl Rb6,Rf6][%cal Gb4d6]
using the weakness of the 6th rank.}) 27... Qc1+ 28. Kh2 Kg7 29. Qxb6 (29. Rc3
Qh6+ 30. Kg1 Re8 $132) 29... Qf1 30. Rc3 (30. Rf3 $4 Rc1 $19) 30... Rxc3 31.
bxc3 Qxf2 32. Qxa6 Qe3 33. Qc8 f5 34. Re5 Qh6+ 35. Kg1 Qc1+ 36. Kf2 f4 37. g4
Qh1 38. Qc6 Qh4+ 39. Ke2 Qxg4+ 40. Qf3 Qc8 41. d5 Qb8 42. Re4 Qb2+ 43. Kf1 Qxa2
44. Rd4 Qa6+ 45. Kg1 Qd6 46. c4 g5 47. Qc3 Qc5 48. Kh1 Rf6 49. d6 $4 {[%mdl
8192]} ({White is still better after} 49. Re4 Kf7 50. Qh3 {although Black's
chances to escape are very realistic, due to the vulnerable position of white
king.}) 49... Rh6+ 50. Kg1 Rxd6 0-1

[Event "Abu Dhabi op 13th"]
[Site "Abu Dhabi"]
[Date "2003.08.20"]
[Round "5"]
[White "Ghaem Maghami, Ehsan"]
[Black "Abdelnabbi, Imed"]
[Result "0-1"]
[WhiteElo "2544"]
[BlackElo "2455"]
[Annotator "Rogozenco,D"]
[PlyCount "86"]
[EventDate "2003.08.16"]
[EventType "swiss"]
[EventRounds "9"]
[EventCountry "UAE"]
[SourceTitle "CBM 097"]
[Source "ChessBase"]
[SourceDate "2003.11.11"]
[SourceVersion "1"]
[SourceVersionDate "2003.11.11"]
[SourceQuality "1"]

1. e4 c5 2. c3 Nf6 3. e5 Nd5 4. d4 cxd4 5. Nf3 Nc6 6. Bc4 Nb6 7. Bb3 d5 8. exd6
Qxd6 9. O-O Be6 10. Bxe6 Qxe6 11. Nxd4 Nxd4 12. Qxd4 Rd8 13. Qh4 Qe2 {The old
line.} 14. Bd2 ({Worse is} 14. Be3 Qxb2) 14... h5 (14... Rxd2 15. Nxd2 Qxd2 16.
Rfd1 Qh6 17. Qg3 Qc6 18. Rd4 $36 (18. Qb8+ Nc8 19. b4 e6 20. b5 Qc5 21. Qxb7
Bd6 $15) (18. Rd3 $5)) 15. h3 Rxd2 16. Nxd2 Qxd2 17. Rad1 Qh6 18. Qg3 (18. Rd3
{It makes sense to start immediately with doubling rooks on the d-file now,
since Black didn't attack the queen on h4.} Qc6 19. Rfd1 f6 20. Qg3 Kf7 21. Qb8
e6 (21... Nc4 22. Rd8 Nxb2 23. Rc8 Qe4 24. Rdd8 Qe1+ 25. Kh2 Qe5+ 26. Qxe5 fxe5
27. Rc7 $13) 22. Rd8 Nd5 23. Rd4 Rg8 24. c4 Nb6 25. a4 e5 26. Rd3 $13 Qxc4 $2
27. a5 Na4 28. b3 Qb4 29. bxa4 $18 {1-0 Kubredinov-Shukin,E/Sverdlovsk 1987 
(34)}) 18... Qc6 19. Qb8+ (19. Rd4 Rh6 $1 {This is the difference with the
inclusion of moves h5 h3, if comparing with the immediate 14...Rxd2.} 20. Rfd1
Rd6 21. Rxd6 exd6 22. Qh4 g6 23. Re1+ Kd7 24. Qf6 Qd5 $17) 19... Nc8 20. b4 e6
21. b5 (21. a4 $142 $5 Be7 (21... Bd6 $4 22. Rxd6 $18) 22. b5 Qc5 23. Qxb7 O-O
24. a5 $13) 21... Qc5 22. Qxb7 Bd6 23. Rfe1 O-O 24. Qc6 Qa3 (24... Qxc6 25.
bxc6 Rd8 26. Rd4 (26. Rd3 $2 Bh2+ $19) 26... Kf8 27. Red1 Ke8 $15) 25. c4 Bb4
26. Re2 Ne7 {Black slowly consolidates. With white pawns blockaded, the two
pieces are stronger than the rook and pawn.} 27. Qa6 {Understandable desire to
enter the endgame, all the more that White penetrates with the rooks. However,
Black is able to protect pawn a7, which is very important, and have the
advantage.} (27. Qe4 Nf5 $15) 27... Qxa6 28. bxa6 Rc8 29. Rd7 Bc5 30. Rb2 Rc6
31. Rb8+ Kh7 32. Rbb7 Rxa6 33. Rbc7 ({It was the right time to make a draw:} 
33. Rxe7 Bxe7 34. Rxe7 Kg6 35. c5 ({or} 35. h4 Rxa2 36. c5 Kf6 37. Rb7 e5 38.
c6 Ke6 39. c7) 35... Kf6 36. Rb7 Rxa2 (36... g5 37. c6 $11) 37. c6 a5 38. c7
Rc2 39. h4 $1 (39. Ra7 h4 {leaves Black with more chances for sucess, although
it is still draw.}) 39... a4 40. Ra7 a3 41. Rxa3 Rxc7 42. g3 {is a
theorectical draw.}) 33... Nc6 34. Rxf7 Bd4 35. Rfd7 Be5 36. Rc8 Rxa2 $17 37.
f4 $2 {A tactical mistake.} Nb8 $1 (37... Bxf4 $2 38. Rxc6 $16) (37... Bd4+ 38.
Kh2 Ra6 39. Rxc6 Rxc6 40. Rxd4 $11) 38. Rf7 Bd4+ 39. Kf1 Na6 {[%csl Rf1]} 40.
Rd8 Bb6 41. Rd6 Nc5 42. g4 $2 {Allows a nice finish. Black catches the rook.} (
42. f5 exf5 43. Rxf5 Ne4 44. Rxh5+ Kg8 45. Rd3 Bf2 $1 $19) 42... hxg4 43. hxg4
Kg8 (43... Kg8 44. Re7 Kf8) 0-1